Directory of government agencies /

保存先:
書誌詳細
前タイトル:Directory of government departments and authorities (Hobart, Tas.)
団体著者: Tasmania. Dept. of the Premier and Cabinet
フォーマット: 逐次刊行物
言語:English
出版事項: Hobart : Dept. of the Premier and Cabinet, 1988- .
主題:
LEADER 01490cas a2200361 a 4500
001 c000189577
003 CARM
005 20060614142240.0
008 880531c19889999tmaar r s0 0eng d
019 1 |a 5798909  |5 LACONCORD2021 
022 |a 1031-900X 
035 |a (OCoLC)220473520  |5 LACONCORD2021 
040 |a ANB  |b eng  |c ANB  |d TSL 
042 |a anuc 
043 |a u-at-tm 
082 0 4 |a 354.946/00025  |2 19 
210 0 |a Dir. gov. agencies 
222 0 |a Directory of government agencies 
245 0 0 |a Directory of government agencies /  |c [Dept. of the Premier and Cabinet, Tasmania]. 
260 |a Hobart :  |b Dept. of the Premier and Cabinet,  |c 1988- . 
300 |a v. ;  |c 25 cm. 
362 0 |a Jan. 1988- 
650 0 |a Administrative agencies  |z Tasmania  |v Directories. 
651 0 |a Executive departments  |z Tasmania  |v Directories. 
710 1 |a Tasmania.  |b Dept. of the Premier and Cabinet. 
780 0 0 |t Directory of government departments and authorities (Hobart, Tas.)  |x 0311-5003 
852 8 |b CARM  |h A2:AP13B0  |i C07886  |p 0272986  |f SE 
852 8 |b CARM  |h A2:AP13B0  |i C07885  |p 0272917  |f SE 
866 0 |a (1988:01)-(1991:06) Inc. 
866 0 |a (1988:01)-(1991:06) Inc. 
999 f f |i eee87f66-d4d3-58b6-bac4-cd462ac17d8e  |s 81e91456-1462-59af-8236-71dc9b5615fc 
952 f f |p Can circulate  |a CAVAL  |b CAVAL  |c CAVAL  |d CARM 1 Store  |e C07885  |f A2:AP13B0  |h Other scheme  |i book  |k (1991:06)  |m 0272917 
952 f f |p Can circulate  |a CAVAL  |b CAVAL  |c CAVAL  |d CARM 1 Store  |e C07886  |f A2:AP13B0  |h Other scheme  |i book  |k (1988:01)  |m 0272986